000
00276nam a22001217a 4500
020
_a
0-333-39164-0
082
_a
621.3822 LYN
100
_a
LYNN,PAUL A
_9
53487
245
_a
ELECTRONIC SIGNALS & SYSTEMS
260
_a
LONDON
_b
MACMILLAN
_c
1986
300
_a
332P
942
_c
BK
999
_c
573836
_d
573836